000 00763nmm a2200253 a 4500
003 AR-BaBNM
005 20251128205018.0
008 167119s1994 ||||||||||||||000 | spa||
040 _cAR-BaBNM
100 1 _aCalviño, Luis Fernando
245 1 0 _aLa pobreza en la Argentina
_beconomía popular de mercado y justicia social
260 _aBuenos Aires
_bForo de las Américas
_c1994
300 0 _a169 p.
_btablas
500 0 _aForo de las Américas es una entidad sin fines de lucro
504 _aContiene bibliografía en p. 161-169
650 4 _aDISTRIBUCION DE INGRESOS
650 4 _aJUSTICIA SOCIAL
650 4 _aECONOMIA DE MERCADO
650 4 _aPOBREZA
650 4 _aHISTORIA ECONOMICA
651 4 _aArgentina
942 _cBK
998 _cmariana
999 _c9677
_d9677